[Event "VI Festival B"]
[Site "Amantea ITA"]
[Date "2008.09.03"]
[Round "4"]
[White "Nicoletta, Adamo"]
[Black "Levato, Biagio"]
[Result "1/2-1/2"]
[WhiteElo "1413"]
[BlackElo "1501"]
[PlyCount "86"]
[EventDate "2008.08.31"]

1. e4 c5 2. Nc3 e6 3. Nf3 Nc6 4. d4 cxd4 5. Nxd4 a6 6. Bd3 Qc7 7. Be3 Nf6 8.
O-O b5 9. Re1 Bb7 10. g3 Be7 11. Bf4 e5 12. Nxc6 Bxc6 13. Be3 O-O 14. b3 Rad8
15. a4 b4 16. Nd5 Nxd5 17. exd5 Bxd5 18. Bxa6 Be6 19. a5 d5 20. Bb6 Qc6 21.
Bxd8 Rxd8 22. Bd3 e4 23. Bf1 d4 24. Bg2 f5 25. Qe2 Bc5 26. a6 Ba7 27. Ra4 Rc8
28. Rc1 Bxb3 29. Rxb4 Bc4 30. Qd2 Qc5 31. Bf1 e3 32. Bxc4+ Kf8 33. fxe3 dxe3
34. Qd3 e2+ 35. Kg2 Qc6+ 36. Qf3 Qc5 37. Bxe2 Re8 38. Rf4 g6 39. g4 Re3 40.
Qa8+ Kg7 41. Re1 Qc7 42. Rc4 Rxe2+ 43. Rxe2 Qxc4 1/2-1/2

[Event "VI Festival B"]
[Site "Amantea ITA"]
[Date "2008.09.03"]
[Round "4"]
[White "Nicoletta, Oscare"]
[Black "Alagia, Pietro"]
[Result "0-1"]
[WhiteElo "1419"]
[BlackElo "1706"]
[PlyCount "90"]
[EventDate "2008.08.31"]

1. e4 e6 2. d4 d5 3. e5 c5 4. Nf3 cxd4 5. Nxd4 Bd7 6. c3 Bc5 7. Qb3 Qc7 8. Bb5
Qxe5+ 9. Be3 Qc7 10. O-O Qb6 11. a4 Nc6 12. Qd1 Nf6 13. Nd2 Nxd4 14. Bxd7+ Nxd7
15. b4 Nf3+ 16. Qxf3 Bxe3 17. Qxe3 Qxe3 18. fxe3 Ne5 19. e4 Nc4 20. Nxc4 dxc4
21. Rf4 O-O 22. e5 Rac8 23. a5 Rfd8 24. g3 Rd3 25. Raf1 Rc7 26. Rc1 Rcd7 27.
Rxc4 h6 28. Rc8+ Kh7 29. c4 Re3 30. Rc5 Kg6 31. b5 Kg5 32. Kf2 Re4 33. a6 b6
34. Rc8 Rxe5 35. Kf3 f5 36. h4+ Kh5 37. Kf4 Re4+ 38. Kf3 Red4 39. c5 Rd2 40.
cxb6 R7d3+ 41. Kf4 Rd4+ 42. Ke3 R4d3+ 43. Kf4 Rf2+ 44. Ke5 Re2+ 45. Kf4 Re4#
0-1

[Event "VI Festival B"]
[Site "Amantea ITA"]
[Date "2008.09.03"]
[Round "4"]
[White "Rametta, Marcello"]
[Black "Ielapi, Gianbattista"]
[Result "0-1"]
[WhiteElo "1723"]
[BlackElo "1686"]
[PlyCount "62"]
[EventDate "2008.08.31"]

1. e4 e5 2. Bc4 Nf6 3. d3 Nc6 4. c3 d6 5. h3 Be7 6. Nf3 O-O 7. Bg5 Na5 8. Bb5
Nh5 9. g4 Bxg5 10. gxh5 Be6 11. Nbd2 Bh6 12. Ke2 f5 13. b4 Nc6 14. Bc4 Bxc4 15.
dxc4 Qf6 16. Qc2 fxe4 17. Qxe4 Bxd2 18. Qd5+ Kh8 19. Nxd2 Qxf2+ 20. Kd3 Qf5+
21. Ne4 Qxh5 22. Kc2 Qe2+ 23. Kb3 a5 24. Ng5 a4+ 25. Ka3 Qe3 26. Ne4 Nd4 27.
Rac1 c6 28. Qxd6 Qxe4 29. cxd4 Rf3+ 30. Kb2 a3+ 31. Ka1 Qe2 0-1

[Event "VI Festival B"]
[Site "Amantea ITA"]
[Date "2008.09.03"]
[Round "4"]
[White "Scalise, Sandro"]
[Black "Paese, Salvatore"]
[Result "1-0"]
[WhiteElo "1571"]
[BlackElo "1324"]
[PlyCount "99"]
[EventDate "2008.08.31"]

1. d4 Nf6 2. c4 c5 3. d5 e6 4. Nc3 g6 5. e4 Bg7 6. Bd3 O-O 7. Nf3 Na6 8. a3
exd5 9. cxd5 Nc7 10. O-O d6 11. Re1 Re8 12. Qc2 b6 13. Bf4 Bg4 14. Nd2 Nh5 15.
Be3 Be5 16. g3 a6 17. Nc4 b5 18. Nxe5 Rxe5 19. Be2 Bh3 20. Bf1 Qd7 21. Be2 Ne8
22. f4 Re7 23. Bxh5 gxh5 24. e5 Qg4 25. Ne4 dxe5 26. Ng5 f5 27. Nxh3 Qxh3 28.
Qxc5 Rc7 29. Qb4 Rg7 30. fxe5 Rg6 31. Bf4 h4 32. Qc3 hxg3 33. hxg3 h5 34. Re2
Qg4 35. Kf2 h4 36. Qf3 hxg3+ 37. Qxg3 Qh5 38. Qf3 Rg4 39. Rg1 Ra7 40. Rxg4+
fxg4 41. Qg3 Rg7 42. d6 Rh7 43. Ke3 Qf5 44. Rh2 Rg7 45. Qh4 Rh7 46. Qxh7+ Qxh7
47. Rxh7 Kxh7 48. d7 Ng7 49. d8=Q Nf5+ 50. Ke4 1-0

[Event "VI Festival B"]
[Site "Amantea ITA"]
[Date "2008.09.04"]
[Round "5"]
[White "Alo', Lucio"]
[Black "Carlomagno, Vincenzo"]
[Result "0-1"]
[WhiteElo "1454"]
[BlackElo "1422"]
[PlyCount "64"]
[EventDate "2008.08.31"]

1. Nf3 Nf6 2. d4 d5 3. Bf4 e6 4. e3 Bd6 5. Be5 Bxe5 6. Nxe5 Nbd7 7. Bb5 c6 8.
Nxd7 Bxd7 9. Bd3 O-O 10. O-O Qc7 11. Nd2 e5 12. dxe5 Qxe5 13. Rb1 Bg4 14. Be2
Bxe2 15. Qxe2 Ne4 16. Nf3 Qe7 17. Rfd1 f5 18. c4 Rad8 19. cxd5 cxd5 20. Rd4 Rf6
21. Rbd1 Rfd6 22. Qb5 Rb6 23. Qa5 Rxb2 24. Rxd5 Rxd5 25. Qxd5+ Qf7 26. Qa5 h6
27. Ne5 Qxa2 28. Qc7 Rxf2 29. Qc8+ Kh7 30. Nf3 Rxg2+ 31. Kh1 Rg6 32. Ng5+ Rxg5
0-1

[Event "VI Festival B"]
[Site "Amantea ITA"]
[Date "2008.09.04"]
[Round "5"]
[White "Altomonte, Giuseppe"]
[Black "Lorenzotti, Fabrizio"]
[Result "1/2-1/2"]
[WhiteElo "1779"]
[BlackElo "1712"]
[PlyCount "86"]
[EventDate "2008.08.31"]

1. d4 b5 2. a4 b4 3. Nf3 d5 4. Bf4 e6 5. e3 Bb7 6. Nbd2 Bd6 7. Ne5 Bxe5 8. Bxe5
Nf6 9. Bd3 Nbd7 10. Bg3 c5 11. c3 c4 12. Be2 Qe7 13. O-O Rc8 14. Bf3 a5 15. Qb1
O-O 16. e4 e5 17. Re1 dxe4 18. Nxe4 Bxe4 19. Bxe4 Nxe4 20. Qxe4 Rfe8 21. f4
bxc3 22. bxc3 Nf6 23. Qf5 e4 24. Qxa5 e3 25. Bh4 e2 26. Bxf6 Qe3+ 27. Kh1 gxf6
28. h3 Qxf4 29. Qh5 Re3 30. Qg4+ Qxg4 31. hxg4 Rxc3 32. Rxe2 Rd3 33. a5 Rxd4
34. a6 Rdd8 35. a7 Ra8 36. Re7 Rdc8 37. Kh2 c3 38. Rb7 c2 39. Rc1 Kg7 40. Kg3
Rc3+ 41. Kh4 Ra3 42. Rxc2 R8xa7 43. Rb4 Ra2 1/2-1/2

[Event "VI Festival B"]
[Site "Amantea ITA"]
[Date "2008.09.04"]
[Round "5"]
[White "Cannataro, Luciano"]
[Black "Nicoletta, Adamo"]
[Result "1-0"]
[WhiteElo "1795"]
[BlackElo "1413"]
[PlyCount "101"]
[EventDate "2008.08.31"]

1. d4 d5 2. c4 Nf6 3. Nc3 Nc6 4. Nf3 e6 5. Bg5 Be7 6. e3 b6 7. Bd3 Ba6 8. Qa4
Bb7 9. Ne5 Qd6 10. Bf4 Qb4 11. Qb5 a6 12. Nxc6 Qxc3+ 13. bxc3 axb5 14. cxb5 Bd6
15. Bxd6 cxd6 16. Nb4 O-O 17. f3 Rfe8 18. Kd2 e5 19. Bf5 g6 20. Bc2 e4 21. f4
Ra5 22. a4 Kg7 23. Bb3 h6 24. h3 Raa8 25. g4 h5 26. g5 Nd7 27. Rhf1 f6 28. h4
fxg5 29. fxg5 Nf8 30. Nxd5 Bxd5 31. Bxd5 Rac8 32. Rf7+ Kh8 33. Rf6 Re7 34. Raf1
Kg7 35. Rxd6 Rd7 36. Rxd7+ Nxd7 37. Bxe4 Rd8 38. Kd3 Nc5+ 39. Kc4 Nxe4 40. Kb4
Rc8 41. c4 Nd2 42. Rc1 Nf3 43. Rh1 Re8 44. c5 bxc5+ 45. dxc5 Rxe3 46. c6 Re7
47. b6 Ne5 48. c7 Nc6+ 49. Kc5 Na7 50. bxa7 Rxc7+ 51. Kb6 1-0

[Event "VI Festival B"]
[Site "Amantea ITA"]
[Date "2008.09.04"]
[Round "5"]
[White "Caporale, Giuseppe Guido"]
[Black "Galasso, Luciano"]
[Result "1-0"]
[WhiteElo "1820"]
[BlackElo "1548"]
[PlyCount "101"]
[EventDate "2008.08.31"]

1. e4 d6 2. d4 Nf6 3. Nc3 c6 4. Be2 Qc7 5. Nf3 Bg4 6. O-O e6 7. Qd3 d5 8. Ne5
Bxe2 9. Qxe2 Bd6 10. exd5 cxd5 11. Nb5 Qd8 12. Nxd6+ Qxd6 13. Bf4 Qb6 14. c3
O-O 15. Rae1 Nc6 16. Bg5 Ne4 17. Bf4 Rac8 18. Nd7 Qd8 19. Nxf8 Qxf8 20. Qg4 Nf6
21. Qh4 Ne7 22. Qh3 Ng6 23. Be5 Ne4 24. Qe3 Nxe5 25. dxe5 a6 26. Rd1 h6 27. f3
Ng5 28. h4 Nh7 29. Kf2 Qc5 30. Rd4 Nf8 31. Rfd1 Nd7 32. R1d3 Nb6 33. b3 Qa3 34.
Qd2 Nd7 35. Re3 Qe7 36. Kg3 Nf8 37. h5 Qc7 38. f4 Nd7 39. c4 Nc5 40. cxd5 exd5
41. Rxd5 Ne6 42. Red3 Kh7 43. Re3 Qc2 44. Red3 Qxd2 45. Rxd2 Rc3+ 46. R5d3 Rc7
47. Kf3 Kg8 48. Ke3 Kf8 49. f5 Ng5 50. f6 Ne6 51. Rd8+ 1-0

[Event "VI Festival B"]
[Site "Amantea ITA"]
[Date "2008.09.04"]
[Round "5"]
[White "Costabile, Vincenzo"]
[Black "Carrozza, Gregorio"]
[Result "1-0"]
[WhiteElo "1536"]
[BlackElo "1580"]
[PlyCount "105"]
[EventDate "2008.08.31"]

1. e4 e6 2. d4 d5 3. Nc3 Nf6 4. e5 Ng8 5. a3 c5 6. Nf3 Nc6 7. Be3 cxd4 8. Bxd4
Nge7 9. Bc5 Ng6 10. Bxf8 Kxf8 11. Qe2 a6 12. O-O-O b5 13. h4 h5 14. Qe3 Qe7 15.
Bd3 Rh6 16. Ne2 Rb8 17. Rh3 Na5 18. Ng5 Qc7 19. Bxg6 Rxg6 20. Rf3 Rxg5 21. hxg5
Nc4 22. Qc3 Qxe5 23. Qxe5 Nxe5 24. Rh3 g6 25. b3 Bb7 26. f4 Nc6 27. Nd4 Nxd4
28. Rxd4 Rc8 29. Kb2 Ke7 30. a4 Kd6 31. axb5 axb5 32. Rc3 Rxc3 33. Kxc3 Kc5 34.
Rd1 b4+ 35. Kd3 Ba6+ 36. Ke3 Bb7 37. g3 Kd6 38. Kd4 Ba6 39. Ra1 Be2 40. Ke3 Bb5
41. Ra7 Be8 42. Kd4 Bb5 43. Rxf7 Be2 44. Rf6 Bd1 45. Kd3 Bf3 46. Kd4 Be4 47. c3
bxc3 48. Kxc3 Ke7 49. b4 Bf5 50. Kd4 Kd7 51. Rxf5 exf5 52. Kxd5 Kc7 53. Ke6 1-0

[Event "VI Festival B"]
[Site "Amantea ITA"]
[Date "2008.09.04"]
[Round "5"]
[White "De Caro, Nicola"]
[Black "Berardi, Emiliano"]
[Result "1-0"]
[WhiteElo "1635"]
[BlackElo "1440"]
[PlyCount "63"]
[EventDate "2008.08.31"]

1. d4 d5 2. Nf3 Nf6 3. e3 e6 4. Bd3 c5 5. c3 Nc6 6. Nbd2 Bd7 7. O-O Bd6 8. Re1
O-O 9. Qe2 Rc8 10. dxc5 Bxc5 11. e4 dxe4 12. Nxe4 Nxe4 13. Qxe4 g6 14. Bh6 f5
15. Qf4 Rf7 16. Bc4 Qb6 17. Re2 Re8 18. Rae1 Nd8 19. Rd2 Bc8 20. h4 Bf8 21. Bg5
Rd7 22. Rde2 Bd6 23. Qc1 Rc7 24. Bxd8 Rxd8 25. Bxe6+ Kg7 26. Bxc8 Rdxc8 27. Nd4
Kf7 28. Qh6 Kg8 29. Ne6 Bf8 30. Nxf8 Rxf8 31. Re7 Qd6 32. Qxh7# 1-0

[Event "VI Festival B"]
[Site "Amantea ITA"]
[Date "2008.09.04"]
[Round "5"]
[White "Gad, Alessandro"]
[Black "Bellisario, Carlo"]
[Result "1-0"]
[WhiteElo "1548"]
[BlackElo "1673"]
[PlyCount "91"]
[EventDate "2008.08.31"]

1. c4 Nf6 2. Nc3 g6 3. g3 Bg7 4. Bg2 c6 5. d4 d6 6. e4 O-O 7. Nge2 Nbd7 8. O-O
e5 9. Bg5 h6 10. Be3 Nb6 11. Qd3 Qe7 12. h3 Bd7 13. a4 Be6 14. d5 cxd5 15. cxd5
Bd7 16. a5 Nc8 17. Kh2 a6 18. Ra3 Na7 19. Qd2 Kh7 20. Rc1 Nb5 21. Nxb5 Bxb5 22.
Nc3 Qd7 23. f3 Ne8 24. h4 Nc7 25. Bh3 f5 26. h5 gxh5 27. Bxf5+ Rxf5 28. exf5
Qxf5 29. Qf2 Bd7 30. Qc2 Nb5 31. Qxf5+ Bxf5 32. Nxb5 axb5 33. Bb6 e4 34. fxe4
Bxe4 35. Rc7 Rf8 36. Re3 Rf2+ 37. Kg1 Rg2+ 38. Kf1 Bxd5 39. Ree7 Rxg3 40. Bd4
Bc4+ 41. Kf2 Rg5 42. Rxg7+ Rxg7 43. Rxg7+ Kh8 44. Rxb7+ Kg8 45. a6 Bd5 46. Rb8+
1-0

[Event "VI Festival B"]
[Site "Amantea ITA"]
[Date "2008.09.04"]
[Round "5"]
[White "Grudina, Marco"]
[Black "Chiappetta, Dario"]
[Result "1/2-1/2"]
[WhiteElo "1897"]
[BlackElo "1745"]
[PlyCount "68"]
[EventDate "2008.08.31"]

1. e4 d6 2. d4 Nf6 3. Nc3 c6 4. f4 Nbd7 5. Nf3 Qc7 6. Bd3 e5 7. Be3 Be7 8. Qd2
a6 9. a4 Ng4 10. Bg1 O-O 11. h3 Ngf6 12. Bh2 exf4 13. Bxf4 c5 14. O-O cxd4 15.
Nxd4 Ne5 16. Kh1 Re8 17. Bg5 Qc5 18. Nb3 Qb4 19. Bxf6 Bxf6 20. Nd5 Qxd2 21.
Nxf6+ gxf6 22. Nxd2 Kg7 23. Nc4 Nxc4 24. Bxc4 Rxe4 25. b3 Be6 26. Bd3 Re5 27.
Rf4 Rc8 28. Raf1 f5 29. Bxf5 Bxf5 30. Rxf5 Rxf5 31. Rxf5 Rxc2 32. Rd5 Rc3 33.
Rxd6 Rxb3 34. Rd7 b5 1/2-1/2

[Event "VI Festival B"]
[Site "Amantea ITA"]
[Date "2008.09.04"]
[Round "5"]
[White "Levato, Biagio"]
[Black "Scalise, Sandro"]
[Result "1-0"]
[WhiteElo "1501"]
[BlackElo "1571"]
[PlyCount "33"]
[EventDate "2008.08.31"]

1. e4 Nf6 2. e5 Nd5 3. c4 Nb6 4. Nf3 Nc6 5. d4 d6 6. Nc3 g6 7. Bf4 Bg7 8. Be2
O-O 9. O-O Nd7 10. exd6 cxd6 11. Re1 e5 12. dxe5 dxe5 13. Bg3 Qb6 14. Rb1 Re8
15. b4 e4 16. Nd5 Qd8 17. Bc7 1-0

[Event "VI Festival B"]
[Site "Amantea ITA"]
[Date "2008.09.04"]
[Round "5"]
[White "Mileo, Miguelito"]
[Black "Rametta, Marcello"]
[Result "0-1"]
[WhiteElo "1617"]
[BlackElo "1723"]
[PlyCount "63"]
[EventDate "2008.08.31"]

1. d4 d5 2. Bf4 Nf6 3. e3 g6 4. Nf3 Bg7 5. Be2 O-O 6. h3 b6 7. O-O Bb7 8. Nbd2
Nbd7 9. Re1 c5 10. c3 e6 11. Rc1 c4 12. b3 b5 13. a4 a6 14. bxc4 bxc4 15. Ne5
Nxe5 16. dxe5 Nd7 17. Nf3 Bc6 18. Ra1 Qc7 19. Nd4 Nxe5 20. Qc2 Qc8 21. Rab1 Nd7
22. Bh2 Nc5 23. a5 Ba4 24. Qb2 e5 25. Nc2 Nd3 26. Bxd3 cxd3 27. Nb4 Rd8 28. e4
dxe4 29. Qd2 Qf5 30. g4 Qf3 31. Re3 Bh6 32. Rf1 0-1

[Event "VI Festival B"]
[Site "Amantea ITA"]
[Date "2008.09.04"]
[Round "5"]
[White "Russo, Carmelo"]
[Black "Carbone, Stefano"]
[Result "0-1"]
[WhiteElo "1748"]
[BlackElo "1620"]
[PlyCount "130"]
[EventDate "2008.08.31"]

1. d4 g6 2. c4 Bg7 3. Nc3 d6 4. e4 Nd7 5. Bg5 h6 6. Be3 e5 7. Nf3 Ne7 8. Qb3
exd4 9. Bxd4 Nf6 10. O-O-O O-O 11. h3 Nc6 12. Be3 Qe7 13. Bd3 Re8 14. Nd2 b6
15. Nd5 Nxd5 16. cxd5 Ne5 17. Bb5 Rf8 18. f4 Nd7 19. Bc6 Rb8 20. Rhe1 Bb7 21.
f5 Ne5 22. Bxb7 Rxb7 23. fxg6 fxg6 24. Bd4 Nf7 25. Bxg7 Kxg7 26. Nf3 Kh7 27.
Nd4 Qg5+ 28. Rd2 Nd8 29. Nf3 Qf4 30. Nd4 Qe5 31. g3 a5 32. Qd3 Ra7 33. Nb5 Rb7
34. Rc2 Rf7 35. Nd4 Ra7 36. Kb1 Qh5 37. g4 Qh4 38. Rec1 Nb7 39. Rxc7 Nc5 40.
Rxf7+ Rxf7 41. Qe3 Qf2 42. Qxf2 Rxf2 43. a3 a4 44. Ne6 Re2 45. Nxc5 bxc5 46.
Rc4 Kg7 47. Rxa4 Kf6 48. Ra7 Rxe4 49. a4 Ke5 50. a5 Kxd5 51. Rg7 Ra4 52. Rxg6
Rxa5 53. Rxh6 Ra7 54. g5 Ke5 55. Rf6 d5 56. Rf3 d4 57. Kc2 Ke4 58. Rf6 c4 59.
Kd2 Rb7 60. Kc1 Kd3 61. h4 Ra7 62. Rf3+ Ke4 63. Ra3 Rf7 64. Ra2 Kd3 65. Ra3+ c3
0-1

[Event "VI Festival B"]
[Site "Amantea ITA"]
[Date "2008.09.04"]
[Round "5"]
[White "Scerra, Ezio"]
[Black "Moscarelli, Giacomo"]
[Result "0-1"]
[WhiteElo "1359"]
[BlackElo "1634"]
[PlyCount "106"]
[EventDate "2008.08.31"]

1. c4 c5 2. Nc3 b6 3. d3 Bb7 4. e4 Nc6 5. Nf3 e6 6. Bf4 a6 7. Be2 d6 8. O-O Be7
9. Ne1 Nf6 10. Nc2 e5 11. Bg3 Nd4 12. Ne3 Qd7 13. Bg4 Nxg4 14. Nxg4 h5 15. Nxe5
dxe5 16. Bxe5 f6 17. Bf4 O-O-O 18. Nd5 Bxd5 19. cxd5 Bd6 20. Bxd6 Qxd6 21. f4
f5 22. Rc1 Kb7 23. Kh1 g6 24. Qa4 Rc8 25. Rf2 Rhe8 26. e5 Qxd5 27. Qc4 Qxc4 28.
dxc4 Rcd8 29. h4 Ne6 30. g3 Rd3 31. Kg2 Red8 32. b3 Rd2 33. a4 Rxf2+ 34. Kxf2
Rd3 35. a5 bxa5 36. Ra1 Kb6 37. Rb1 Nd4 38. Re1 Ne6 39. Rb1 Kc6 40. Kg2 Rd4 41.
Kf3 a4 42. bxa4 Rxc4 43. a5 Rb4 44. Rxb4 cxb4 45. Ke3 Kc5 46. Kd3 Kb5 47. Kc2
Kxa5 48. Kb1 b3 49. Kc1 Kb4 50. Kb2 a5 51. Kb1 Kc3 52. Kc1 b2+ 53. Kb1 a4 0-1

[Event "VI Festival B"]
[Site "Amantea ITA"]
[Date "2008.09.04"]
[Round "5"]
[White "Vatta, Marino"]
[Black "Mazzuca, Aldo"]
[Result "1-0"]
[WhiteElo "1634"]
[BlackElo "1425"]
[PlyCount "50"]
[EventDate "2008.08.31"]

1. d4 d5 2. Nf3 Nf6 3. e3 Bg4 4. Be2 e6 5. Nbd2 Bd6 6. h3 Bh5 7. O-O O-O 8. c4
c6 9. b3 Nbd7 10. Bb2 a6 11. Re1 Re8 12. Ne5 Bxe2 13. Qxe2 h6 14. c5 Bxe5 15.
dxe5 Nh7 16. b4 a5 17. a3 Qg5 18. f4 Qf5 19. Nf3 Qe4 20. Red1 g5 21. Rd4 Qf5
22. fxg5 Nxg5 23. Rg4 Kf8 24. Nxg5 hxg5 25. Rf1 Ke7 1-0

[Event "VI Festival B"]
[Site "Amantea ITA"]
[Date "2008.09.05"]
[Round "6"]
[White "Alagia, Pietro"]
[Black "Alo', Lucio"]
[Result "1-0"]
[WhiteElo "1706"]
[BlackElo "1454"]
[PlyCount "161"]
[EventDate "2008.08.31"]

1. d4 d5 2. c3 Nf6 3. g3 e6 4. Nd2 c5 5. dxc5 Bxc5 6. Nb3 Qb6 7. Nxc5 Qxc5 8.
Nf3 Ne4 9. Be3 Qc7 10. Bd4 O-O 11. Bg2 Nc6 12. O-O e5 13. Be3 Re8 14. Qc2 Bf5
15. Nh4 Qd7 16. f3 Nxg3 17. Nxf5 Qxf5 18. Qxf5 Nxf5 19. Bf2 Rab8 20. Rad1 b6
21. Rd2 Re6 22. Bh3 Nce7 23. Kh1 Rf6 24. Rfd1 g5 25. Bg4 Re8 26. Rg1 Kh8 27.
Bxf5 Rxf5 28. Rg4 h5 29. Ra4 e4 30. Rxa7 Nc6 31. Rc7 e3 32. Bxe3 Rxe3 33. Rxc6
g4 34. Rxb6 gxf3 35. exf3 Rexf3 36. Kg2 R3f4 37. Kg1 Re5 38. Rb5 Rg4+ 39. Kf1
Rf5+ 40. Rf2 Rfg5 41. Ke2 Re5+ 42. Kd3 Rge4 43. Rxd5 Re3+ 44. Kc4 Re7 45. Rxh5+
Kg7 46. Rg2+ Kf6 47. Rh6+ Kf5 48. Rh5+ Kf6 49. Rhg5 R3e4+ 50. Kd3 Re3+ 51. Kd2
Re1 52. h4 Rh1 53. Rf2+ Ke6 54. Re2+ Kf6 55. Rxe7 Kxe7 56. h5 Kf6 57. Rc5 Rh2+
58. Kc1 Ke7 59. Ra5 Ke6 60. Rb5 f5 61. h6 f4 62. Rb6+ Kf5 63. Kd1 f3 64. Ke1
Re2+ 65. Kf1 Rh2 66. a4 Ke4 67. b4 Ke3 68. Re6+ Kd3 69. b5 Ra2 70. h7 Ra1+ 71.
Kf2 Rh1 72. Re7 Kxc3 73. b6 Kb4 74. b7 Rh2+ 75. Kxf3 Rh3+ 76. Kg2 Ra3 77. b8=Q+
Kc3 78. h8=Q+ Kc2 79. Qd4 Rc3 80. Re2+ Kc1 81. Qb2# 1-0

[Event "VI Festival B"]
[Site "Amantea ITA"]
[Date "2008.09.05"]
[Round "6"]
[White "Bellisario, Carlo"]
[Black "Berardi, Emiliano"]
[Result "1/2-1/2"]
[WhiteElo "1673"]
[BlackElo "1440"]
[PlyCount "72"]
[EventDate "2008.08.31"]

1. e4 c6 2. d4 d5 3. e5 Bf5 4. Bd3 Bxd3 5. Qxd3 e6 6. Nf3 Ne7 7. Nc3 Nf5 8. Bd2
Nd7 9. O-O Be7 10. Ne2 Rc8 11. Rac1 O-O 12. c3 Qb6 13. b4 a5 14. a3 axb4 15.
axb4 Ra8 16. Ra1 Ra7 17. Rxa7 Qxa7 18. Bg5 h6 19. Bxe7 Nxe7 20. Nf4 Ra8 21. g4
Qa6 22. g5 Qxd3 23. Nxd3 hxg5 24. Nxg5 Ra3 25. Rc1 b6 26. Kg2 Nf8 27. f4 Nh7
28. h4 Nf5 29. Nf3 g6 30. Kh3 Kg7 31. Nf2 f6 32. Ng4 b5 33. exf6+ Nxf6 34. Nxf6
Kxf6 35. Kg4 Ne3+ 36. Kg3 Nf5+ 1/2-1/2

[Event "VI Festival B"]
[Site "Amantea ITA"]
[Date "2008.09.05"]
[Round "6"]
[White "Caporale, Giuseppe Guido"]
[Black "Grudina, Marco"]
[Result "1-0"]
[WhiteElo "1820"]
[BlackElo "1897"]
[PlyCount "175"]
[EventDate "2008.08.31"]

1. e4 e5 2. Nf3 Nc6 3. Bc4 Bc5 4. b4 Bxb4 5. c3 Bc5 6. O-O d6 7. d4 exd4 8.
cxd4 Bb6 9. Bb2 Bg4 10. h3 Bxf3 11. Qxf3 Qf6 12. Qb3 Nge7 13. e5 dxe5 14. dxe5
Qf4 15. Na3 O-O 16. Rae1 Na5 17. Qc2 Nxc4 18. Nxc4 Qf5 19. Re4 Nc6 20. Qe2 Rfe8
21. Kh1 Rad8 22. Nxb6 axb6 23. f4 Qd7 24. e6 fxe6 25. Qg4 e5 26. f5 Nd4 27.
Rfe1 Qxf5 28. Rxd4 Qxg4 29. Rxg4 Rd5 30. Rg5 h6 31. Rgxe5 Rdxe5 32. Rxe5 Rxe5
33. Bxe5 c6 34. a4 g6 35. Bc7 b5 36. axb5 cxb5 37. Bd6 Kf7 38. Kg1 Ke6 39. Bf8
h5 40. Kf2 Kd5 41. Ke2 Kc4 42. Kd2 b4 43. Kc2 Kb5 44. Kb3 Kc6 45. Bxb4 Kd5 46.
Kc2 Kc4 47. Be7 Kd4 48. Kd2 Ke4 49. Ke2 Ke5 50. Ke3 Ke6 51. Bd8 Ke5 52. Bc7+
Kf5 53. Kd4 g5 54. g3 b5 55. Ke3 b4 56. Bd6 b3 57. Ba3 Ke5 58. Bb2+ Kf5 59. Bh8
Kg6 60. Ke4 Kh7 61. Bc3 Kg6 62. Bb2 g4 63. h4 Kh6 64. Kf5 Kh7 65. Kg5 Kg8 66.
Kxh5 Kh7 67. Kxg4 Kg6 68. h5+ Kh6 69. Bc1+ Kh7 70. Kg5 Kg7 71. Bb2+ Kh7 72. g4
Kg8 73. Kg6 Kf8 74. h6 Ke7 75. h7 Kd6 76. h8=Q Kd5 77. Kf5 Kc4 78. Qc3+ Kd5 79.
Qxb3+ Kc6 80. Ba3 Kd7 81. Qe6+ Kc7 82. Ke5 Kb7 83. Kd5 Kc7 84. Bd6+ Kb7 85.
Qd7+ Kb6 86. Qc6+ Ka5 87. Qb7 Ka4 88. Qb4# 1-0

[Event "VI Festival B"]
[Site "Amantea ITA"]
[Date "2008.09.05"]
[Round "6"]
[White "Carrozza, Gregorio"]
[Black "Altomonte, Giuseppe"]
[Result "0-1"]
[WhiteElo "1580"]
[BlackElo "1779"]
[PlyCount "70"]
[EventDate "2008.08.31"]

1. e4 c5 2. Nf3 Nc6 3. d4 cxd4 4. Nxd4 Nf6 5. Nc3 d6 6. Bc4 e6 7. O-O Be7 8.
Kh1 O-O 9. f4 Qc7 10. Bb3 Na5 11. f5 Nxb3 12. axb3 a6 13. Bg5 Bd7 14. Qd3 b5
15. fxe6 fxe6 16. Qh3 Qc5 17. Nxe6 Qe5 18. Bxf6 Bxf6 19. Rf5 Qxe6 20. Qd3 Bxc3
21. bxc3 Rxf5 22. exf5 Qe5 23. Rd1 Re8 24. h3 Bxf5 25. Qf3 Qe4 26. Qh5 Qe2 27.
Qxe2 Rxe2 28. Rxd6 Rxc2 29. Rxa6 Rxc3 30. g4 Rxh3+ 31. Kg2 Bxg4 32. b4 Rb3 33.
Ra8+ Kf7 34. Ra7+ Kf6 35. Ra6+ Be6 0-1

[Event "VI Festival B"]
[Site "Amantea ITA"]
[Date "2008.09.05"]
[Round "6"]
[White "Chiappetta, Dario"]
[Black "Ielapi, Gianbattista"]
[Result "1-0"]
[WhiteElo "1745"]
[BlackElo "1686"]
[PlyCount "75"]
[EventDate "2008.08.31"]

1. e4 e5 2. Nf3 Nc6 3. Nc3 Nf6 4. Bb5 d6 5. d4 Bd7 6. d5 Ne7 7. Bxd7+ Qxd7 8.
O-O g6 9. Be3 Bg7 10. h3 O-O 11. Qd3 Nh5 12. Qd2 f5 13. Bh6 f4 14. Bxg7 Kxg7
15. Ng5 Rg8 16. Qe2 Nf6 17. Qc4 Rac8 18. Rad1 h6 19. Nf3 g5 20. Kh2 Kh7 21. Qb5
c6 22. dxc6 bxc6 23. Qd3 Rg6 24. Nxe5 dxe5 25. Qxd7 Nxd7 26. Rxd7 Re6 27. Na4
c5 28. Rxa7 Kg6 29. Rd1 Kf6 30. Rdd7 h5 31. Nc3 Re8 32. Rac7 g4 33. h4 Rg8 34.
Rxe7 g3+ 35. fxg3 fxg3+ 36. Kh3 Rd6 37. Nd5+ Kg6 38. Rxe5 1-0

[Event "VI Festival B"]
[Site "Amantea ITA"]
[Date "2008.09.05"]
[Round "6"]
[White "Galasso, Luciano"]
[Black "Carlomagno, Vincenzo"]
[Result "1-0"]
[WhiteElo "1548"]
[BlackElo "1422"]
[PlyCount "109"]
[EventDate "2008.08.31"]

1. Nf3 Nf6 2. d4 d5 3. e3 e6 4. Bd3 Bd6 5. Nbd2 Nbd7 6. c3 O-O 7. O-O c6 8. e4
dxe4 9. Nxe4 Nxe4 10. Bxe4 Nf6 11. Bc2 Qc7 12. Bg5 Be7 13. Qd3 g6 14. Rfe1 Nd5
15. Bxe7 Qxe7 16. Qd2 Kg7 17. Ne5 f6 18. Ng4 e5 19. Qh6+ Kh8 20. Ne3 Qf7 21.
Rad1 Be6 22. a3 Rad8 23. Nxd5 Bxd5 24. dxe5 fxe5 25. Qe3 Rc8 26. Qxe5+ Kg8 27.
Qg3 Rce8 28. f3 Rxe1+ 29. Rxe1 Qd7 30. h4 Bf7 31. h5 Qd2 32. hxg6 Qxc2 33.
gxf7+ Kxf7 34. Qc7+ Kg8 35. Re7 Qc1+ 36. Kh2 Qh6+ 37. Kg1 Qc1+ 38. Kf2 Qd2+ 39.
Re2 Qh6 40. Qg3+ Kh8 41. Qe5+ Rf6 42. g3 Qh2+ 43. Ke3 Qh6+ 44. f4 Kg7 45. Qg5+
Qg6 46. Qxg6+ Rxg6 47. Kf3 Kf7 48. f5 Rf6 49. Kf4 h6 50. Rd2 Ke7 51. Ke5 a6 52.
Rd7+ Kxd7 53. Kxf6 Kd6 54. Kg6 h5 55. f6 1-0

[Event "VI Festival B"]
[Site "Amantea ITA"]
[Date "2008.09.05"]
[Round "6"]
[White "Ielapi, Vito"]
[Black "Costabile, Vincenzo"]
[Result "1-0"]
[WhiteElo "1890"]
[BlackElo "1536"]
[PlyCount "70"]
[EventDate "2008.08.31"]

1. d4 Nf6 2. Nf3 g6 3. e3 d6 4. Bd3 Bg7 5. O-O O-O 6. Nbd2 b6 7. e4 Bb7 8. Re1
Nbd7 9. Nf1 c5 10. c3 Rc8 11. Qe2 cxd4 12. cxd4 Rc7 13. e5 dxe5 14. dxe5 Nd5
15. e6 Nc5 16. exf7+ Rxf7 17. Bc4 Kh8 18. Rb1 Rf5 19. Ng3 Rf8 20. Rd1 Rd7 21.
Bd2 Nc7 22. Ne5 Rd5 23. Bxd5 Qxd5 24. Nf3 N7e6 25. Bh6 Qxa2 26. Bxg7+ Kxg7 27.
Ne1 a5 28. Ra1 Qb3 29. Ra3 Qb4 30. Nd3 Nxd3 31. Raxd3 Nf4 32. Qe5+ Kg8 33. Rd8
Bxg2 34. Rxf8+ Kxf8 35. Rd4 Ne2+ 1-0

[Event "VI Festival B"]
[Site "Amantea ITA"]
[Date "2008.09.05"]
[Round "6"]
[White "Levato, Biagio"]
[Black "Cannataro, Luciano"]
[Result "1-0"]
[WhiteElo "1501"]
[BlackElo "1795"]
[PlyCount "79"]
[EventDate "2008.08.31"]

1. e4 c5 2. Nf3 d6 3. g3 Nf6 4. d3 Nc6 5. Nbd2 e5 6. c3 Be7 7. Bg2 Bg4 8. h3
Bh5 9. O-O h6 10. Qc2 Qd7 11. Nh2 O-O 12. Re1 Nh7 13. Ndf1 f5 14. exf5 Be8 15.
Ne3 Bg5 16. g4 Bxe3 17. fxe3 Nf6 18. a3 Bf7 19. b3 d5 20. Bb2 Rac8 21. Rad1 d4
22. c4 Rce8 23. Nf1 Re7 24. Ng3 Rfe8 25. e4 Rb8 26. Bc1 Nh7 27. h4 Nf6 28. Bh3
Kh7 29. Qh2 Kg8 30. g5 hxg5 31. hxg5 Ne8 32. g6 Bxg6 33. fxg6 Qd6 34. Bf5 Nf6
35. Kg2 Kf8 36. Bg5 Ng8 37. Qh8 Ree8 38. Rf1 Re6 39. Bxe6+ Ke8 40. Qxg8+ 1-0

[Event "VI Festival B"]
[Site "Amantea ITA"]
[Date "2008.09.05"]
[Round "6"]
[White "Lorenzotti, Fabrizio"]
[Black "De Caro, Nicola"]
[Result "1-0"]
[WhiteElo "1712"]
[BlackElo "1635"]
[PlyCount "59"]
[EventDate "2008.08.31"]

1. e4 g6 2. d4 Bg7 3. c4 d6 4. h3 Nf6 5. Nc3 O-O 6. Nf3 e5 7. d5 a5 8. Be3 Nbd7
9. Qc2 Kh8 10. Bd3 Ng8 11. a3 h6 12. g4 b6 13. O-O-O Nc5 14. Be2 Bd7 15. Nd2
Qe8 16. Rdg1 Rb8 17. Nb5 Bxb5 18. cxb5 a4 19. h4 f6 20. Bxc5 dxc5 21. Qxa4 Ra8
22. Qc2 Ne7 23. a4 f5 24. gxf5 gxf5 25. Bf3 fxe4 26. Bxe4 Rd8 27. Qd3 Rxf2 28.
Rxg7 Rxd2 29. Rh7+ Kg8 30. Qxd2 1-0